Tradiciones de la Casa de Maternidad /
Descripción Física:
Il·lustracions
Colección:
San Jorge,
; núm. 12 (octubre 1953), pàg 60-63
Idioma:
Español
MARC
| LEADER | 00000naa a2200000 a 4500 | ||
|---|---|---|---|
| 003 | Arxiu | ||
| 005 | 20260324181024.0 | ||
| 008 | 160829s1953 spcaxx s spa c | ||
| 040 | |a agdb | ||
| 100 | 1 | |a Amades, Joan, |d 1890-1959 |9 21237 | |
| 245 | 1 | 0 | |a Tradiciones de la Casa de Maternidad / |c por Juan Amades |
| 300 | |b Il·lustracions | ||
| 490 | |a San Jorge, |v núm. 12 (octubre 1953), pàg 60-63 | ||
| 610 | 2 | 0 | |a Casa de Maternitat i Expòsits de Barcelona |9 52670 |
| 773 | |g Núm. 12 (octubre 1953), pàg 60-63 |t San Jorge. | ||
| 901 | |a Arxiu | ||
| 942 | |n 1 |2 udc |c ART | ||
| 952 | |0 0 |1 0 |4 0 |6 REV508 |7 1 |9 64473 |a Arxiu |b Arxiu |d 2022-11-30 |o Rev-508 |r 2022-11-30 00:00:00 |w 2022-11-30 |y ARXIU |z També disponible a Rev-522 | ||
| 999 | |c 43768 |d 43768 | ||